Vademecum voor den E. H. B. O.-er (Record no. 38172)

MARC details
000 -LEADER
fixed length control field 00617cam a22002171 4500
001 - CONTROL NUMBER
control field med47000756
003 - CONTROL NUMBER IDENTIFIER
control field DLC
005 - DATE AND TIME OF LATEST TRANSACTION
control field 20260227111600.0
008 - FIXED-LENGTH DATA ELEMENTS--GENERAL INFORMATION
fixed length control field 810815s1944 xx a 000 0 dut
010 ## - LIBRARY OF CONGRESS CONTROL NUMBER
LC control number med47000756
035 ## - SYSTEM CONTROL NUMBER
System control number (OCoLC)14741408
040 ## - CATALOGING SOURCE
Original cataloging agency DLC
Transcribing agency DNLM
Modifying agency DLC
042 ## - AUTHENTICATION CODE
Authentication code premarc
050 00 - LIBRARY OF CONGRESS CALL NUMBER
Classification number RC87
Item number .K8
060 0# - NATIONAL LIBRARY OF MEDICINE CALL NUMBER
Classification number WA 292
Item number K97v 1944
100 1# - MAIN ENTRY--PERSONAL NAME
Personal name Kuster, B. G.
245 10 - TITLE STATEMENT
Title Vademecum voor den E. H. B. O.-er
Statement of responsibility, etc. ... onder toezicht van dr. P. W. L. Penris ...
260 ## - PUBLICATION, DISTRIBUTION, ETC.
Place of publication, distribution, etc. 's-Gravenhage [etc.]
Name of publisher, distributor, etc. van Goor,
Date of publication, distribution, etc. 1944.
300 ## - PHYSICAL DESCRIPTION
Extent 203, [1] p.
Other physical details ill.
700 1# - ADDED ENTRY--PERSONAL NAME
Personal name Penris, Peter Willem Leonard.

No items available.

Powered by Koha